Efecto de la defoliación sobre el rendimiento en pasto y grano de un trigo doble propósito /
Guardado en:
| Autor Principal: | |
|---|---|
| Autor Corporativo: | |
| Otros Autores: | |
| Formato: | Libro |
| Idioma: | Spanish |
| Publicado: |
Bahía Blanca,
2006.
|
| Etiquetas: |
Agregar Etiqueta
Sin Etiquetas, Sea el primero en etiquetar este registro!
|
| LEADER | 00713nam a22001695a 4500 | ||
|---|---|---|---|
| 001 | EEA.libagro007694 | ||
| 005 | 20180420112131.0 | ||
| 008 | 130809s2006####ag#a##########000#0#spa#d | ||
| 082 | 0 | 4 | |a 633.11 |
| 100 | 1 | |a Busto, Maurina. | |
| 245 | 1 | 0 | |a Efecto de la defoliación sobre el rendimiento en pasto y grano de un trigo doble propósito / |c Maurina Busto. |
| 260 | |a Bahía Blanca, |c 2006. | ||
| 300 | |a 22 h. : |b il. ; |c 30 cm. | ||
| 500 | |a Trabajo de intensificación (Ingeniero Agrónomo) -- Universidad Nacional del Sur. Departamento de Agronomía, 2006. | ||
| 700 | 1 | |a Merchán, Daniel, |e tutor. | |
| 710 | 2 | |a Universidad Nacional del Sur. |b Departamento de Agronomía. | |
| 859 | |a AR-BbBCA |b BIB. AGRONOMIA |h 633.11 |i B982 |p 2006/5083 | ||
